Loading...

മാർത്താണ്ഡവർമ്മ : ഉത്തരാധുനിക പ്രതിരോധ നോവൽ /

Bibliographic Details
Main Author: Bhaskaran nair, Kulathoor
Format: Printed Book
Language:Malayalam
Published: Kozhikode : P K Brothers , 1998.
Subjects:
LEADER 00781nam a22001577a 4500
008 210226b ||||| |||| 00| 0 mal d
082 |2 22  |a 853.3B14 
100 |a Bhaskaran nair, Kulathoor 
245 |a മാർത്താണ്ഡവർമ്മ :  |b ഉത്തരാധുനിക പ്രതിരോധ നോവൽ /  |c ഭാസ്കരൻ നായർ കുളത്തൂർ  
246 |a Marthanda varma :  |b utharadhunika prathirodha novel 
260 |a Kozhikode :  |b P K Brothers ,  |c 1998. 
300 |a 120p. ,  |c 20cm. 
653 |a Malayalam--Novel 
942 |c BK 
999 |c 355321  |d 355321 
952 |0 0  |1 0  |2 ddc  |4 0  |6 853_000000000000000_3B14_MAR_M  |7 0  |9 412446  |a UL  |b UL  |c PROC  |d 2021-02-26  |e Donation -I.G.Bhaskara Panikker Family  |o 853.3B14 MAR M  |p G12107  |r 2021-02-26  |v 46.00  |w 2021-02-26  |y BK